Top 10 Biggest songs right now(Billboard) - Statistics

General Stats
  • This quiz has been taken 43 times
  • The average score is 6 of 10
Answer Stats
Rank Song Artist % Correct
#4 Espresso Sabrina Carpenter
93%
#3 Birds Of A Feather Billie Eilish
78%
#2 Die With A Smile Lady Gaga & Bruno Mars
78%
#9 Beautiful Things Benson Boone
73%
#1 A Bar Song (Tipsy) Shaboozey
70%
#5 Lose Control Teddy Swims
50%
#7 I Had Some Help Post Malone & Morgan Wallen
48%
#8 Taste Sabrina Carpenter
48%
#6 That's So True Gracie Abrams
38%
#10 Love Somebody Morgan Wallen
13%
No matching quizzes found
Score Distribution
Percent of People with Each Score
Percentile by Number Answered
Your Score History
You have not taken this quiz